000
00298nam a22001217a 4500
008
160510b xxu||||| |||| 00| 0 eng d
020
_a
9780688061647
020
_a
0688061648
041
_a
eng
080
_a
61
245
_a
Family healthand medical guide:
_c
Hearst Books New York;
942
_2
udc
_c
BK
999
_c
2006
_d
2006